000
00256nam a22000977a 4500
008
170113b xxu||||| |||| 00| 0 eng d
041
_a
eng
080
_2
6TH
_a
618.2
245
_a
CLINICAL COMPANION FOR FUNDAMENTALS OF NURSING
_c
POTTER & PERRY
942
_2
udc
_c
BK
999
_c
2895
_d
2895